000 00852nas a2200277 4500
001 BR0705464
003 BR-BrBNA
005 20231205111200.0
007 ta
008 230509b bl.|||p| |||| 00| 00por d
040 _aBR-BrBNA
_bpor
_cBiblioteca Nacional de Agricultura
041 _a(Pt)
072 _aQ04
100 1 _aSantos, A.B.
100 1 _aMelo, J.F.B.
100 1 _aLopes, P.R.S.
100 1 _aMalgarim, M.B.
245 1 _aComposição química e rendimento do filé da traíra (Hoplias Malabaricus)
650 _aTRAÍRA
650 _aRENTABILIDADE
650 _aCARCAÇA
650 _aCOMPOSIÇÃO QUÍMICA
773 0 _tRevista da Faculdade de Zootecnia, Veterinária e Agronomia (Brazil)
_xISSN 0104-4257
_g(2000-2001), v. 7-8(1) p. 35-41
_wBR0705464
909 _a202311
_bLúcia
_c55
_dLúcia Elande
942 _2AGRIS
_n0
_cANA
999 _c191187
_d191187